000 004120000a22001690004500
003 MACL
005 20160106123714.0
008 160106b xxu||||| |||| 00| 0 eng d
040 _aMACL
_cMACL
041 _aEnglish
082 _a823/HUX
100 _aHuxley, Aldous
_928542
245 _aPoint Counter Point
260 _bChtto & Windus
_c1954
_aLondon
650 _aFiction
_928543
942 _cBK
_k823/Hux
_2ddc
999 _c34713
_d34713